| 000 | 01213nam a2200265 a 4500 | ||
|---|---|---|---|
| 001 | 53565 | ||
| 003 | BD-RjUL | ||
| 005 | 20211209080002.0 | ||
| 008 | 161017s2006 bg ||||| |||| 00| 0 ben d | ||
| 020 |
_a9848090266 _c: Tk. 300.00 |
||
| 035 | _a(BD-RjUL)53687 | ||
| 040 |
_aBD-RjUL _bben _cBD-RjUL _dBD-RjUL |
||
| 041 | _aben | ||
| 082 |
_223 _a658.00721 _bKHB 2006 |
||
| 100 |
_aখান, মু. আমীরুজ জামান _9160075 |
||
| 245 | 1 | 0 |
_aব্যবস্থাপনায় গবেষণা পদ্ধতি / _cমু. আমীরুজ জামান খান |
| 260 |
_aঢাকা : _bবাংলাদেশ বিশ্ববিদ্যালয় মঞ্জুরী কমিশন, _c২০০৬. |
||
| 300 |
_a৩২৩ পৃ. : _bচিত্র ; _c২৩ সেমি. |
||
| 490 |
_aবিমক প্রকাশনা ; _vনং ৯৬ |
||
| 504 | _aগ্রন্থপঞ্জি সংযুক্ত | ||
| 650 |
_aব্যবস্থাপনা _xগবেষণা পদ্ধতি _9181943 |
||
| 650 |
_aManagement _xResearch Methodology _9181944 |
||
| 830 |
_aবিমক প্রকাশনা ; _vনং ৯৬ _9181946 |
||
| 942 |
_2ddc _cBK |
||
| 999 |
_c53565 _d53565 |
||